Microwave Engineering / (Record no. 956)
[ view plain ]
| 000 -LEADER | |
|---|---|
| fixed length control field | 01752nac a22002891u 4500 |
| 008 - FIXED-LENGTH DATA ELEMENTS--GENERAL INFORMATION | |
| fixed length control field | 091108t xxu||||| |||| 00| 0 eng d |
| 010 ## - LIBRARY OF CONGRESS CONTROL NUMBER | |
| LC control number | 2003065001 |
| 020 ## - INTERNATIONAL STANDARD BOOK NUMBER | |
| International Standard Book Number | 9780471448785 |
| 082 00 - DEWEY DECIMAL CLASSIFICATION NUMBER | |
| Classification number | 621.3813 |
| Item number | POZ |
| 100 ## - MAIN ENTRY--PERSONAL NAME | |
| Personal name | Pozar, David M. |
| 9 (RLIN) | 9219 |
| 245 10 - TITLE STATEMENT | |
| Title | Microwave Engineering / |
| Statement of responsibility, etc | David M. Pozar. |
| 250 ## - EDITION STATEMENT | |
| Edition statement | 3rd ed. |
| 260 ## - PUBLICATION, DISTRIBUTION, ETC. (IMPRINT) | |
| Place of publication, distribution, etc | Hoboken, NJ : |
| Name of publisher, distributor, etc | J. Wiley, |
| Date of publication, distribution, etc | c2005. |
| 300 ## - PHYSICAL DESCRIPTION | |
| Extent | xvii, 700 p. : |
| Other physical details | ill. ; |
| Dimensions | 26 cm. |
| 504 ## - BIBLIOGRAPHY, ETC. NOTE | |
| Bibliography, etc | Includes bibliographical references and index. |
| 650 #0 - SUBJECT ADDED ENTRY--TOPICAL TERM | |
| Topical term or geographic name as entry element | Microwaves. |
| 9 (RLIN) | 9220 |
| 650 #0 - SUBJECT ADDED ENTRY--TOPICAL TERM | |
| Topical term or geographic name as entry element | Microwave devices. |
| 9 (RLIN) | 9221 |
| 650 #0 - SUBJECT ADDED ENTRY--TOPICAL TERM | |
| Topical term or geographic name as entry element | Microwave circuits. |
| 9 (RLIN) | 9222 |
| 856 42 - ELECTRONIC LOCATION AND ACCESS | |
| Materials specified | Publisher description |
| Uniform Resource Identifier | <a href="http://www.loc.gov/catdir/description/wiley041/2003065001.html">http://www.loc.gov/catdir/description/wiley041/2003065001.html</a> |
| 856 42 - ELECTRONIC LOCATION AND ACCESS | |
| Materials specified | Table of contents |
| Uniform Resource Identifier | <a href="http://www.loc.gov/catdir/toc/wiley041/2003065001.html">http://www.loc.gov/catdir/toc/wiley041/2003065001.html</a> |
| 942 ## - ADDED ENTRY ELEMENTS (KOHA) | |
| Item type | Book - Borrowing |
| Call number prefix | 621.3813POZ |
| Source of classification or shelving scheme | Dewey Decimal Classification |
| Withdrawn status | Item status | Source of classification or shelving scheme | Damaged status | Not for loan | Vendor | Home library | Current library | Shelving location | Date acquired | Source of acquisition | Cost, normal purchase price | Total Checkouts | Total Renewals | Full call number | Barcode | Date last seen | Date last borrowed | Cost, replacement price | Koha item type |
|---|---|---|---|---|---|---|---|---|---|---|---|---|---|---|---|---|---|---|---|
| Dewey Decimal Classification | Central Library | Central Library | First floor | 06/08/2013 | 348.00 | 27 | 97 | 621.3813 POZ | 000003564 | 15/07/2025 | 13/11/2019 | 435.00 | Book - Borrowing | ||||||
| Dewey Decimal Classification | Baccah | Central Library | Central Library | First floor | 05/11/2009 | 348.00 | 1 | 621.3813 POZ | 000018766 | 15/07/2025 | 25/11/2010 | 435.00 | NB - Book (Non borrowing) | ||||||
| Dewey Decimal Classification | Central Library | Central Library | First floor | 11/11/2009 | 348.00 | 14 | 87 | 621.3813 POZ | 000018894 | 15/07/2025 | 23/09/2019 | 435.00 | Book - Borrowing | ||||||
| Dewey Decimal Classification | Central Library | Central Library | First floor | 11/11/2009 | 348.00 | 13 | 101 | 621.3813 POZ | 000018895 | 15/07/2025 | 19/10/2020 | 435.00 | Book - Borrowing | ||||||
| Dewey Decimal Classification | Central Library | Central Library | First floor | 28/09/2010 | 348.00 | 14 | 93 | 621.3813 POZ | 000025204 | 22/10/2025 | 23/09/2019 | 435.00 | Book - Borrowing |